[Event "Hannover Bezirks-ch U16/18"]
[Site "Lehrte"]
[Date "2020.10.25"]
[Round "5.1"]
[White "Haselhorst, Nils"]
[Black "Dornieden, Jonas"]
[Result "1/2-1/2"]
[WhiteElo "1781"]
[BlackElo "1974"]
[PlyCount "66"]
[EventDate "2020.10.24"]
[EventType "swiss"]
[EventRounds "5"]
[EventCountry "GER"]
[SourceTitle "EXT 2023"]
[Source "ChessBase"]
[SourceDate "2022.10.05"]
[SourceVersion "1"]
[SourceVersionDate "2022.10.05"]
[SourceQuality "1"]

1. e4 c6 2. d4 d5 3. e5 Bf5 4. Ne2 e6 5. Ng3 Bg6 6. h4 h6 7. h5 Bh7 8. Bd3 Bxd3 9. cxd3 Nd7 10. Nc3 Qb6 11. Nge2 Bb4 12. a3 Bxc3+ 13. bxc3 Ne7 14. a4 c5 15. dxc5 Qxc5 16. Ba3 Qc6 17. f4 Rc8 18. 0-0 Nf5 19. Qd2 Nc5 20. Nd4 Qd7 21. g4 Nxd4 22. cxd4 Nb3 23. Qb2 Nxa1 24. Rxa1 f6 25. f5 fxe5 26. Re1 e4 27. dxe4 Rc6 28. exd5 Qxd5 29. Qb4 Kf7 30. Qxb7+ Kg8 31. fxe6 Qxd4+ 32. Kh1 Qd5+ 33. Kg1 Qd4+ 1/2-1/2

[Event "Niedersachsen-ch op-B"]
[Site "Verden an der Aller"]
[Date "2020.01.04"]
[Round "6"]
[White "Haselhorst, Nils"]
[Black "Gruening, Thomas"]
[Result "1/2-1/2"]
[WhiteElo "1586"]
[BlackElo "1855"]
[PlyCount "103"]
[EventDate "2020.01.02"]
[EventType "swiss"]
[EventRounds "7"]
[EventCountry "GER"]
[SourceTitle "EXT 2023"]
[Source "ChessBase"]
[SourceDate "2022.10.05"]
[SourceVersion "1"]
[SourceVersionDate "2022.10.05"]
[SourceQuality "1"]

1. e4 d6 2. d4 Nf6 3. Nc3 Nbd7 4. Nf3 e5 5. Bc4 Be7 6. 0-0 c6 7. a4 a5 8. dxe5 dxe5 9. h3 0-0 10. Qe2 Qc7 11. Rd1 Nc5 12. Bg5 Be6 13. Bh4 Bxc4 14. Qxc4 Rad8 15. Bg3 Nfd7 16. b3 Ne6 17. Qe2 Nf4 18. Bxf4 exf4 19. Rd3 Ne5 20. Nxe5 Qxe5 21. Rad1 h6 22. Rxd8 Rxd8 23. Rxd8+ Bxd8 24. Qd3 Bb6 25. Qf3 g5 26. h4 f6 27. hxg5 hxg5 28. Qh5 Kg7 29. Qf3 Bd4 30. Ne2 Bc5 31. Qd3 Kg6 32. Nc3 Bd6 33. Qf3 Qe6 34. Qd3 Be5 35. Ne2 f5 36. Nd4 Bxd4 37. exf5+ Qxf5 38. Qxd4 Qxc2 39. Qd6+ Kh5 40. Qe6 Qd1+ 41. Kh2 Qd5 42. Qe8+ Kh6 43. Qh8+ Kg6 44. Qe8+ Qf7 45. Qe4+ Kh6 46. Qd3 Qd5 47. Qc3 Kg6 48. Qh3 Qe5 49. Qd3+ Kh6 50. Qh3+ Kg6 51. Qd3+ Kh6 52. Qh3+ 1/2-1/2

[Event "Niedersachsen-ch op-B"]
[Site "Verden an der Aller"]
[Date "2020.01.04"]
[Round "5"]
[White "Kiesel, Lara"]
[Black "Haselhorst, Nils"]
[Result "1/2-1/2"]
[WhiteElo "1732"]
[BlackElo "1586"]
[PlyCount "42"]
[EventDate "2020.01.02"]
[EventType "swiss"]
[EventRounds "7"]
[EventCountry "GER"]
[SourceTitle "EXT 2023"]
[Source "ChessBase"]
[SourceDate "2022.10.05"]
[SourceVersion "1"]
[SourceVersionDate "2022.10.05"]
[SourceQuality "1"]

1. e4 e5 2. Nf3 Nc6 3. Bb5 a6 4. Ba4 Nf6 5. 0-0 Be7 6. Re1 b5 7. Bb3 0-0 8. h3 Bb7 9. d3 d5 10. exd5 Nxd5 11. Nxe5 Nxe5 12. Rxe5 Qd6 13. Re1 Rae8 14. Nd2 c5 15. a4 c4 16. Ne4 Qc6 17. axb5 axb5 18. dxc4 Nb6 19. cxb5 Qxb5 20. f3 Bh4 21. g3 Bxe4 1/2-1/2

[Event "Hannover Bezirks-ch U18"]
[Site "Lehrte"]
[Date "2019.10.06"]
[Round "7.2"]
[White "Sauer, Joris"]
[Black "Haselhorst, Nils"]
[Result "1/2-1/2"]
[WhiteElo "1766"]
[BlackElo "1658"]
[PlyCount "83"]
[EventDate "2019.10.03"]
[EventType "tourn"]
[EventRounds "7"]
[EventCountry "GER"]
[SourceTitle "EXT 2023"]
[Source "ChessBase"]
[SourceDate "2022.10.05"]
[SourceVersion "1"]
[SourceVersionDate "2022.10.05"]
[SourceQuality "1"]

1. e4 e5 2. Qh5 Nc6 3. Bc4 g6 4. Qf3 Nf6 5. Ne2 Bg7 6. 0-0 0-0 7. Nbc3 d6 8. h3 a6 9. d3 Na5 10. Bg5 h6 11. Be3 b5 12. Bb3 Kh7 13. Rfd1 c5 14. Bd5 Rb8 15. a3 Nxd5 16. Nxd5 f5 17. Bd2 Nc6 18. exf5 gxf5 19. a4 b4 20. c3 b3 21. c4 Rg8 22. a5 f4 23. Kh2 Be6 24. Ndxf4 exf4 25. Qxc6 Bc8 26. Qe4+ Kh8 27. Nxf4 Be5 28. g3 Qg5 29. h4 Qg4 30. Qe2 Bxf4 31. Qxg4 Bxg4 32. Bxf4 Bxd1 33. Rxd1 Rg6 34. d4 Re8 35. dxc5 dxc5 36. Rd5 Re2 37. Kg2 Rc6 38. Kf3 Rc2 39. Be5+ Kh7 40. Rd7+ Kg6 41. Bc3 h5 42. Rg7+ 1/2-1/2

[Event "Niedersachsen-ch op B"]
[Site "Verden"]
[Date "2019.01.03"]
[Round "2"]
[White "Lapehn, Klaus"]
[Black "Haselhorst, Nils"]
[Result "1/2-1/2"]
[WhiteElo "1627"]
[BlackElo "1409"]
[PlyCount "57"]
[EventDate "2019.01.03"]
[EventType "swiss"]
[EventRounds "7"]
[EventCountry "GER"]
[SourceTitle "EXT 2022"]
[Source "ChessBase"]
[SourceDate "2021.10.06"]
[SourceVersion "1"]
[SourceVersionDate "2021.10.06"]
[SourceQuality "1"]

1. e4 e5 2. Nf3 Nc6 3. Bc4 Nf6 4. d3 Bc5 5. c3 0-0 6. 0-0 d5 7. exd5 Nxd5 8. Qe2 Bg4 9. h3 Bh5 10. Be3 Be7 11. Nbd2 Nb6 12. Bb3 Bg6 13. d4 Bf6 14. dxe5 Bd3 15. Qd1 Nxe5 16. Re1 Nbc4 17. Nxc4 Nxc4 18. Bxc4 Bxc4 19. Bd4 Bxd4 20. Qxd4 Qxd4 21. Nxd4 c5 22. Nf5 Be6 23. Ne3 Rad8 24. Kf1 f6 25. c4 Rfe8 26. Red1 Kf7 27. b3 Ke7 28. Ke2 b6 29. Kf3 1/2-1/2

[Event "Hannover Bezirk-ch U16"]
[Site "Hannover"]
[Date "2018.10.07"]
[Round "7.2"]
[White "Haselhorst, Nils"]
[Black "Dornieden, Jonas"]
[Result "0-1"]
[WhiteElo "1316"]
[BlackElo "1670"]
[PlyCount "64"]
[EventDate "2018.10.04"]
[EventType "swiss"]
[EventRounds "7"]
[EventCountry "GER"]
[SourceTitle "EXT 2022"]
[Source "ChessBase"]
[SourceDate "2021.10.06"]
[SourceVersion "1"]
[SourceVersionDate "2021.10.06"]
[SourceQuality "1"]

1. e4 c6 2. d4 d5 3. Nc3 dxe4 4. Nxe4 Bf5 5. Ng3 Bg6 6. h4 h6 7. Nf3 Nd7 8. h5 Bh7 9. Bd3 Bxd3 10. Qxd3 e6 11. Bd2 Ngf6 12. 0-0-0 Be7 13. Ne4 Nxe4 14. Qxe4 Nf6 15. Qe2 Qc7 16. Kb1 0-0 17. g4 Nh7 18. Ne5 c5 19. d5 exd5 20. f4 Bd6 21. Rde1 Rfe8 22. Qh2 Re7 23. Nf3 Rae8 24. Rxe7 Rxe7 25. Rg1 Re4 26. Re1 Rxe1+ 27. Bxe1 Bxf4 28. Qe2 Nf6 29. Bd2 Bxd2 30. Nxd2 Kf8 31. a3 Qe7 32. Qd3 Nxg4 0-1